| 000 | 00770nam a2200217Ii 4500 | ||
|---|---|---|---|
| 003 | JO-AjNU | ||
| 008 | 230605s9999||||xx |||||||||||||| ||und|| | ||
| 017 | _a1991/138 | ||
| 040 |
_aJO-AjNU _bara _erda _cJO-AjNU |
||
| 041 | _aara | ||
| 050 | 1 | 4 | _aBP188.9.A2866 1991 |
| 100 | 3 |
_aأبو غزالة، حازم نايف, _eauthor _941149 |
|
| 245 | 0 | 0 | _aالله الموجود الحق مختصر كتاب مفتاح الجنة لسيدي محمد الهاشمي |
| 264 | 3 | 1 | _aعمان: دار الامام النووي، 1991 |
| 300 | _a101ص | ||
| 336 |
_atext _btxt _2rdacontent |
||
| 337 |
_aunmediated _bn _2rdamedia |
||
| 338 |
_avolume _bnc _2rdacarrier |
||
| 490 | 0 | _aدراسات في التصوف 4 | |
| 650 | 4 |
_aالالهيات- علم الكلام _941150 |
|
| 999 |
_aA17521 _c21089 _d21089 |
||